| 000 | 00410nam a2200205Ia 4500 | ||
|---|---|---|---|
| 008 | 210210b xxu||||| |||| 00| 0 eng d | ||
| 041 | _aeng | ||
| 082 | _a539/127 | ||
| 100 | _a- | ||
| 245 | _aMotor cycling manual Ed 8 | ||
| 260 |
_aLondon _b- _c |
||
| 300 | _a250 | ||
| 650 | _aMotor | ||
| 650 | _amanual | ||
| 650 | _aEd | ||
| 650 | _acycling | ||
| 650 | _a8 | ||
| 690 | _aPhysics | ||
| 906 | _a009143 | ||
| 999 |
_c126921 _d126921 |
||